Re-examining public procurement: constraints and opportunities for effective procurement practices : (Record no. 26880)

MARC details
000 -LEADER
fixed length control field 006290000a22001570004500
008 - FIXED-LENGTH DATA ELEMENTS--GENERAL INFORMATION
fixed length control field 100903t xxu||||| |||| 00| 0 eng d
082 ## - DEWEY DECIMAL CLASSIFICATION NUMBER
Classification number 26880
090 ## - LOCALLY ASSIGNED LC-TYPE CALL NUMBER (OCLC); LOCAL CALL NUMBER (RLIN)
-- 26880
-- 26880
100 ## - MAIN ENTRY--PERSONAL NAME
Personal name Twikirize, Gad
9 (RLIN) 46692
245 ## - TITLE STATEMENT
Title Re-examining public procurement: constraints and opportunities for effective procurement practices :
Remainder of title an investigational study of Producing Entities in Kampala district /
Statement of responsibility, etc. Twikirize Gad
260 ## - PUBLICATION, DISTRIBUTION, ETC.
Place of publication, distribution, etc. Nkozi :
Name of publisher, distributor, etc. Uganda Martyrs University,
Date of publication, distribution, etc. 2002
300 ## - PHYSICAL DESCRIPTION
Extent vii, 49 p. ;
Dimensions 30 cm.
500 ## - GENERAL NOTE
General note Master of Business Administration and Mangement
650 ## - SUBJECT ADDED ENTRY--TOPICAL TERM
Topical term or geographic name entry element Procurement
9 (RLIN) 11400
942 ## - ADDED ENTRY ELEMENTS (KOHA)
Koha item type Master Dissertation
Source of classification or shelving scheme Dewey Decimal Classification
Holdings
Withdrawn status Lost status Source of classification or shelving scheme Damaged status Not for loan Home library Current library Date acquired Total Checkouts Total Renewals Full call number Barcode Date last seen Date last checked out Price effective from Koha item type
    Dewey Decimal Classification     Archbishop Kiwanuka Memorial Library Archbishop Kiwanuka Memorial Library 01/11/2008 8 1 26880 26880 20/02/2020 19/02/2020 01/11/2008 Master Dissertation

Archbishop Kiwanuka Memorial Library | Uganda Martyrs University P.O. Box : 5498 Kampala, Uganda
Tel : +256-(0) 382-277-901 or +256-(0) 382-410-611 / E-mail : library@umu.ac.ug